Top 5 European Leagues Top Assisters: 2020/21 - Statistics

General Stats
  • This quiz has been taken 9 times
  • The average score is 19 of 38
Answer Stats
League Assists Club Nationality Player % Correct
Premier League 14 Tottenham England Harry Kane
100%
Premier League 12 Manchester City Belgium Kevin De Bruyne
100%
La Liga 11 Barcelona Argentina Lionel Messi
100%
La Liga 10 Real Madrid Germany Toni Kroos
100%
Premier League 13 Manchester United England Marcus Rashford
89%
Bundesliga 21 Bayern Munich Germany Thomas Muller
89%
Premier League 12 Chelsea Germany Timo Werner
78%
Ligue 1 12 PSG Argentina Angel Di Maria
67%
Bundesliga 12 Borussia Dortmund England Jadon Sancho
67%
Serie A 11 Juventus Colombia Juan Cuadrado
67%
Bundesliga 11 Bayern Munich France Kingsley Coman
67%
Serie A 10 Inter Argentina Lautaro Martinez
67%
Serie A 10 Inter Morocco Achraf Hakimi
56%
Serie A 10 Juventus Spain Alvaro Morata
56%
Serie A 10 Milan Turkey Hakan Calhanoglu
56%
Serie A 11 Roma Armenia Henrikh Mkhitaryan
56%
La Liga 13 Celta Vigo Spain Iago Aspas
56%
Ligue 1 12 Lyon Netherlands Memphis Depay
56%
Bundesliga 11 Borussia Dortmund Portugal Raphael Guerreiro
56%
Serie A 10 Lazio Serbia Sergej Milinkovic-Savic
56%
Bundesliga 17 Eintracht Frankfurt Serbia Filip Kostic
44%
Premier League 12 Aston Villa England Jack Grealish
44%
Serie A 10 Atalanta Slovenia Josip Ilicic
44%
La Liga 10 Atletico Madrid Belgium Yannick Carrasco
44%
Bundesliga 13 Eintracht Frankfurt Japan Daichi Kamada
33%
Ligue 1 10 Marseilles France Dimitri Payet
33%
Serie A 10 Atalanta Colombia Duvan Zapata
33%
Serie A 10 Fiorentina/Juventus Italy Federico Chiesa
33%
La Liga 11 Atletico Madrid Spain Marcos Llorente
33%
Bundesliga 11 Bayer Leverkusen France Moussa Diaby
33%
Serie A 11 Napoli Poland Piotr Zielinski
33%
Serie A 12 Atalanta Ukraine Ruslan Malinovskyi
33%
Bundesliga 11 Borussia Monchengladbach Germany Jonas Hofmann
22%
Serie A 10 Udinese Argentina Rodrigo De Paul
22%
Ligue 1 10 Lille Ivory Coast Jonathan Bamba
11%
Ligue 1 10 Montpellier Algeria Andy Delort
0%
La Liga 10 Levante Spain Jorge de Frutos
0%
Ligue 1 13 Nimes Algeria Zinedine Ferhat
0%
No matching quizzes found
Score Distribution
Percent of People with Each Score
Percentile by Number Answered
Your Score History
You have not taken this quiz